| 000 | 00561nam a2200145Ia 4500 | ||
|---|---|---|---|
| 008 | 170221s9999 xx 000 0 und d | ||
| 100 | _aShafawaty Mohamad Shabri | ||
| 245 | 4 | _aThe Effects of Internal Control Systems on Cooperative’s Profi tability: A Case of Koperasi ABC Berhad | |
| 245 | _cShafawaty Mohamad Shabri, Ram Al Jaffri Saad, Azizi Abu Bakar | ||
| 260 | _bInternational Review of Management and Marketing | ||
| 260 | _cMay 2012 | ||
| 300 | _a1:1 | ||
| 650 | _xMarketing. | ||
| 856 | _uhttp://www.econjournals.com/index.php/irmm/issue/view/97 | ||
| 999 |
_c310425 _d310425 |
||